000 00474nam a2200169Ia 4500
999 _c35342
_d35342
003 OSt
005 20201211132543.0
008 190216s9999||||xx |||||||||||||| ||und||
040 _coclc
082 _a505
_bAUT/I
100 _aAuthors
_91880
245 0 _aIndian Academy Of Sciences
260 _bThe Indian Academy Of Sciences,
_c1962.
300 _a145p
650 _aThe Indian Academy Of Sciences
942 _cREF
_2ddc
_h505
_iAUT/I
_k505
_mAUT/I